000 01037nam0a22002771 4500
001 rc\338747
005 20030307123036.2
010 _a5-255-00244-5
_930000
035 _a(NLR Aleph) 005580948
090 _a6111543
_c6111543
100 _a20030307d1989 u |0rusy50 ca
101 0 _arus
102 _aRU
105 _aa |||||||||
200 1 _aИнтенсификация инженерного творчества
_eПотребности, методы, формы орг.
_fГ.С. Пирогов, Ю.Н. Таран, Б.П. Бельгольский
210 _aМ.
_cПрофиздат
_d1989
215 _a189, [2] с.
_cил.
_d20
320 _aБиблиогр.: с. 188-190 (56 назв.)
700 1 _aПигоров
_bГ. С.
_gГеоргий Семенович
701 1 _aТаран
_bЮ. Н.
_gЮрий Николаевич
701 1 _aБельгольский
_bБ. П.
_gБорис Петрович
801 0 _aRU
_bNLR
_gpsbo
801 1 _aRU
_bELAR
_2rusmarc
852 _aNLR
_j89-3/11159
942 _cBOOK
980 _aNB